00363nam a2200121Ia 4500008004100000050002500041245006500066260002700131300001500158500002000173980003300193999001500226151021s9999 xx 000 0 und d aPL 8704 .M58K5 1986  a_Kisa cha Mrina Asali na Wenzake wawili / Mathias Mnyampala  aNairobi : K L B, 1986  aii, 67 p.  aIncludes index  a^d20110421 01:23:39^okilerai c7119d7119